1146 1880 1637 1992 1337 1286 1458 1241 1255 1429 1689 1969 1118 1677 1258 1571 1193 1242 1478 1348 1173 1923 1752 1509 1266 1392 1837 1614 1866 1001 1772 1528 1021 1796 1004 1313 1779 1810 1400 1538 1257 1621 1291 1049 1525 1281 1623 1263 1580 1143 1203 1763 1693 1511 1891 1759 1980 1242 1616 1429 1342 1438 1519 1609 1761 1684 1209 1945 1018 1994 1506 1056 1133 1757 1590 1890 1895 1898 1029 1514 1259 1754 1644 1369 1154 1571 1116 1145 1926 1999 1086 1448 1217 1396 1854 1037 1107 1581 1489 BCNSPRNW ULIB Ver.6.0+V

เปลี่ยนเป็นภาษาไทย

Change to English
 แสดงรายละเอียดบรรณานุกรม
  กลับหน้าหลัก

Brief Record : Get Marc (ISO 2709) : E-mail record : QR code < ปิดหน้าต่าง
LEADER : 00000nam 2200000uu 4500
001    13399123172
003     ULIB
008    200557s2551||||th 000 0 tha d
020    ^a9789740689140
090    ^aนว.^bช617ห
100 0  ชุติวรรณ
245 00 ^aหัวใจใสๆเก็บไว้ให้เธอ/^cชุติวรรณ
250    ^aพิมพ์ครั้งที่ 1
260    ^aกรุงเทพฯ :^bนกฮูก,^c2551
300    ^a153หน้า
710 1  ^aนกฮูก
945    ^p139^l0^i20320
995    ^aทศพร
999    ^aทศพร เกษรทอง
รายการนี้ยังไม่มีแท็ก
คุณยังไม่ได้ล็อกอิน คุณสามารถมีกิจกรรมร่วมกับเว็บไซต์ได้ แต่ต้องล็อกอินก่อน ::
  ล็อกอิน

รายการสื่อสารสนเทศ

ลำดับที่ ประเภท เลขเรียก/บาร์โค้ด สถานที่ สถานะ
1. นวนิยาย
นวนิยาย
นว. ช617ห ฉ.1 
  Barcode: 20320
ห้องสมุดวิทยาเขตนครสวรรค์
►นวนิยาย:l:Fiction
บนชั้น

BibComment


ยังไม่เคยถูกคอมเมนท์

คอมเมนท์ทรัพยากรรายการนี้
  คอมเมนท์: หัวใจใสๆเก็บไว้ใ..


 Copyright 2026. Bcnsprnw @Library